[Event "Women's Speed Chess Q4"]
[Site "chess.com INT"]
[Date "2021.06.03"]
[Round "12"]
[White "Doluhanova, Evgeniya"]
[Black "Kanyamarala, Trisha"]
[Result "1-0"]
[WhiteTitle "WGM"]
[BlackTitle "WIM"]
[WhiteElo "2207"]
[BlackElo "2180"]
[WhiteFideId "14112035"]
[BlackFideId "45004722"]
[EventDate "2021.06.03"]

1. Nf3 c5 2. c4 Nf6 3. Nc3 d6 4. e4 Nc6 5. d4 cxd4 6. Nxd4 g6 7. Be2 Bg7 8. Be3
O-O 9. O-O a6 10. h3 Qc7 11. Rc1 Qa5 12. a3 Bd7 13. Qd2 Rac8 14. Nxc6 Bxc6 15.
Nd5 Qd8 16. Nxf6+ Bxf6 17. Bf3 Bg7 18. b4 Ba4 19. e5 Bc6 20. Bxc6 Rxc6 21. exd6
Rxd6 22. Qe2 Re6 23. Rfd1 Qc7 24. Qf3 Bb2 25. Rb1 Bg7 26. c5 Rf6 27. Qd5 Rf5 28.
Qd7 Qc6 29. Qxc6 bxc6 30. Rd7 Bf6 31. Rbd1 Rc8 32. Bh6 1-0

[Event "Women's Speed Chess Q4"]
[Site "chess.com INT"]
[Date "2021.06.03"]
[Round "12"]
[White "Cori T., Deysi"]
[Black "Tokhirjonova, Gulrukhbegim"]
[Result "1-0"]
[WhiteTitle "WGM"]
[BlackTitle "WGM"]
[WhiteElo "2388"]
[BlackElo "2350"]
[WhiteFideId "3801934"]
[BlackFideId "14203626"]
[EventDate "2021.06.03"]

1. Nf3 d5 2. d4 Nf6 3. e3 Bg4 4. Be2 e6 5. O-O Bd6 6. h3 Bh5 7. Nbd2 O-O 8. c4
c5 9. cxd5 exd5 10. b3 Nc6 11. Bb2 b6 12. Rc1 Rc8 13. Ne5 Bxe2 14. Qxe2 Re8 15.
Nxc6 Rxc6 16. dxc5 bxc5 17. Qb5 Qb6 18. Qa4 Ne4 19. Rfd1 h6 20. Nf3 c4 21. Nd4
Rcc8 22. Nf5 c3 23. Bxc3 Bh2+ 24. Kxh2 Qb8+ 25. f4 Nxc3 26. Rxc3 Rxc3 27. Qd4 f6
28. Qxc3 Kh7 29. Rxd5 Qb7 30. Qd3 Rg8 31. Nd6+ 1-0

[Event "Women's Speed Chess Q4"]
[Site "chess.com INT"]
[Date "2021.06.03"]
[Round "12"]
[White "Purtseladze, Maka"]
[Black "Mammadova, Gulnar"]
[Result "0-1"]
[WhiteTitle "IM"]
[BlackTitle "IM"]
[WhiteElo "2274"]
[BlackElo "2382"]
[WhiteFideId "13602659"]
[BlackFideId "13403508"]
[EventDate "2021.06.03"]

1. Nf3 g6 2. c4 Bg7 3. Nc3 e5 4. d3 Nc6 5. g3 d6 6. Bg2 f5 7. O-O Nf6 8. Rb1 O-O
9. b4 h6 10. b5 Ne7 11. Ne1 g5 12. f4 gxf4 13. gxf4 Ng6 14. Nd5 Kh7 15. Nxf6+
Qxf6 16. Nf3 e4 17. Bb2 Qe7 18. Nd4 Bd7 19. dxe4 fxe4 20. e3 Nh4 21. Qh5 Bf6 22.
Ne2 Bxb2 23. Rxb2 Nxg2 24. Rb3 Nh4 25. Ng3 Nf3+ 26. Kg2 Nd2 27. Rd1 Nxb3 28.
axb3 Rg8 29. Qd5 Qe6 30. Qxb7 Qh3+ 0-1

[Event "Women's Speed Chess Q4"]
[Site "chess.com INT"]
[Date "2021.06.03"]
[Round "12"]
[White "Rakshitta, Ravi"]
[Black "Zakirova, Aisha"]
[Result "1-0"]
[WhiteTitle "WIM"]
[BlackTitle "WCM"]
[WhiteElo "2190"]
[BlackElo "1585"]
[WhiteFideId "25073230"]
[BlackFideId "13719734"]
[EventDate "2021.06.03"]

1. e4 c5 2. Nf3 d6 3. d4 cxd4 4. Qxd4 Nc6 5. Bb5 Bd7 6. Bxc6 Bxc6 7. Nc3 e5 8.
Qd3 h6 9. O-O Nf6 10. b3 Be7 11. Ba3 O-O 12. Rad1 Re8 13. Bxd6 Bxd6 14. Qxd6
Qxd6 15. Rxd6 Nxe4 16. Nxe4 Bxe4 17. c4 Rac8 18. Nd2 Bc6 19. Re1 b5 20. cxb5
Bxb5 21. Nf3 e4 22. Nd4 Bd3 23. Nf5 Rc2 24. Rxd3 exd3 25. Rxe8+ Kh7 26. h4 d2
27. Ne3 Rc1+ 28. Kh2 Re1 29. Rd8 Re2 30. Nc4 d1=Q 31. Rxd1 Rxa2 32. Rd7 Rxf2 33.
Rxa7 Rf4 34. Nd6 Rxh4+ 35. Kg3 Rb4 36. Rxf7 Rxb3+ 37. Kh2 Kg6 38. Ra7 Re3 39.
Ra6 Kg5 40. Nf7+ Kh5 41. Ra5+ Kh4 42. Ne5 g5 43. Ng6+ Kh5 44. Nf4+ Kh4 45. Nd5
Rd3 46. Ne7 Kg4 47. Ra4+ Kh5 48. g4+ Kh4 49. Nf5# 1-0

[Event "Women's Speed Chess Q4"]
[Site "chess.com INT"]
[Date "2021.06.03"]
[Round "12"]
[White "Balabayeva, Xeniya"]
[Black "Linares Napoles, Oleiny"]
[Result "1-0"]
[WhiteTitle "WFM"]
[BlackTitle "WGM"]
[WhiteElo "2178"]
[BlackElo "2255"]
[WhiteFideId "13719688"]
[BlackFideId "3504794"]
[EventDate "2021.06.03"]

1. e4 d6 2. d4 g6 3. Nc3 Bg7 4. g3 Nf6 5. Bg2 O-O 6. Nge2 c6 7. a4 a5 8. h3 Na6
9. Be3 e5 10. O-O Nb4 11. Re1 Qe7 12. Qd2 Be6 13. Rad1 Rfd8 14. f4 Bc4 15. Kh2
Rd7 16. Qc1 Re8 17. b3 Ba6 18. dxe5 dxe5 19. Rxd7 Nxd7 20. f5 Nc5 21. Rf1 f6 22.
Bh6 Rd8 23. Bxg7 Kxg7 24. Rf2 Bxe2 25. Rxe2 Qd6 26. Qe3 Qd4 27. Qf3 Qd6 28. Rf2
Rf8 29. h4 Qd4 30. Bh3 Nba6 31. fxg6 hxg6 32. h5 g5 33. Qf5 Kf7 34. Qxf6+ 1-0

[Event "Women's Speed Chess Q4"]
[Site "chess.com INT"]
[Date "2021.06.03"]
[Round "12"]
[White "Nikolova, Adriana"]
[Black "Corrales Jimenez, Zenia"]
[Result "0-1"]
[WhiteTitle "WGM"]
[BlackTitle "WIM"]
[WhiteElo "2243"]
[BlackElo "2221"]
[WhiteFideId "2908689"]
[BlackFideId "3506355"]
[EventDate "2021.06.03"]

1. e4 c5 2. Nf3 Nc6 3. d4 cxd4 4. Nxd4 d6 5. Nc3 Nf6 6. Bg5 e6 7. Qd2 Be7 8. f4
O-O 9. O-O-O a6 10. Nf3 Qa5 11. Kb1 Rd8 12. Qe1 b5 13. e5 dxe5 14. Rxd8+ Qxd8
15. fxe5 Nd7 16. h4 Nc5 17. Bxe7 Qxe7 18. Ne4 Bb7 19. Nxc5 Qxc5 20. Bd3 Nb4 21.
Be4 Bd5 22. a3 Nc6 23. Bxd5 Qxd5 24. h5 h6 25. Rf1 Rc8 26. Qe2 Na5 27. Rd1 Qc6
28. Qd3 Nc4 29. g4 Qc5 30. Re1 b4 31. axb4 Qxb4 32. b3 Na3+ 33. Kb2 Rxc2+ 34.
Ka1 Qa5 0-1

[Event "Women's Speed Chess Q4"]
[Site "chess.com INT"]
[Date "2021.06.03"]
[Round "12"]
[White "Nguyen, Hong Anh"]
[Black "Socko, Monika"]
[Result "1/2-1/2"]
[WhiteTitle "WIM"]
[BlackTitle "GM"]
[WhiteElo "1993"]
[BlackElo "2421"]
[WhiteFideId "12406732"]
[BlackFideId "1106619"]
[EventDate "2021.06.03"]

1. d4 Nf6 2. c4 e6 3. Nf3 b6 4. g3 Ba6 5. Qc2 d5 6. cxd5 exd5 7. Bg2 Bd6 8. O-O
O-O 9. Ne5 Bb7 10. Nc3 h6 11. Rd1 a6 12. Nd3 Nbd7 13. Nf4 Bxf4 14. Bxf4 Re8 15.
Rac1 Nf8 16. Nb1 c6 17. Be5 Ne6 18. Nd2 Ng4 19. e4 c5 20. exd5 Bxd5 21. Ne4 Nxe5
22. dxe5 Nd4 23. Qb1 Rxe5 24. Re1 Qd7 25. b4 Rae8 26. bxc5 bxc5 27. Nxc5 Rxe1+
28. Rxe1 Rxe1+ 29. Qxe1 Bxg2 30. Nxd7 Nf3+ 31. Kxg2 Nxe1+ 32. Kf1 Nf3 33. Nc5
Nxh2+ 34. Kg2 Ng4 35. Nxa6 Ne5 36. Nc5 Kf8 1/2-1/2

[Event "Women's Speed Chess Q4"]
[Site "chess.com INT"]
[Date "2021.06.03"]
[Round "12"]
[White "Dong, Khanh Linh"]
[Black "Varshini, V"]
[Result "1-0"]
[WhiteTitle "WCM"]
[BlackTitle "WGM"]
[WhiteElo "1970"]
[BlackElo "2226"]
[WhiteFideId "12403040"]
[BlackFideId "5091241"]
[EventDate "2021.06.03"]

1. e4 c5 2. Nf3 d6 3. d4 cxd4 4. Nxd4 Nf6 5. Nc3 a6 6. Bg5 e6 7. f4 Be7 8. Qf3
Qc7 9. O-O-O Nbd7 10. g4 b5 11. Bd3 Bb7 12. a3 Rc8 13. Kb1 Nc5 14. Rhe1 O-O 15.
Qh3 Nxd3 16. cxd3 Rfd8 17. f5 e5 18. Nf3 d5 19. Bxf6 Bxf6 20. g5 Be7 21. f6 Bf8
22. exd5 Bxd5 23. Nxe5 a5 24. Nxd5 Rxd5 25. Rc1 Rc5 26. Rxc5 Qxc5 27. Nd7 Qc2+
28. Ka1 b4 29. fxg7 Bxg7 30. Nf6+ Bxf6 31. gxf6 Kh8 32. Rg1 b3 33. Qe3 Rd8 34.
Qg5 1-0

[Event "Women's Speed Chess Q4"]
[Site "chess.com INT"]
[Date "2021.06.03"]
[Round "12"]
[White "Torres Hernandez, Leslie Carolin"]
[Black "Szente Varga, Fruzsina"]
[Result "0-1"]
[WhiteTitle "WFM"]
[BlackTitle "WFM"]
[WhiteElo "1884"]
[BlackElo "2100"]
[WhiteFideId "8400504"]
[BlackFideId "712264"]
[EventDate "2021.06.03"]

1. e4 e5 2. Nf3 Nc6 3. Bc4 Bc5 4. O-O Nf6 5. d3 O-O 6. c3 Bb6 7. Bg5 h6 8. Bh4
d6 9. Nbd2 Be6 10. b4 Ne7 11. a4 a5 12. b5 Ng6 13. Bg3 Nf4 14. Bxf4 exf4 15.
Bxe6 fxe6 16. d4 Qe7 17. Re1 e5 18. Qb3+ Kh8 19. Nh4 Kh7 20. Nf5 Qd7 21. dxe5
dxe5 22. Nc4 Ng4 23. Nxb6 cxb6 24. h3 Nf6 25. Rad1 Qc7 26. Rd3 Nxe4 27. Nxg7
Qxg7 28. Rxe4 Rg8 29. g3 fxg3 30. Rxg3 Qf6 31. Reg4 Rxg4 32. Rxg4 Rf8 33. Rg2 e4
34. Qd5 Qe7 35. Rg3 Rf7 0-1

[Event "Women's Speed Chess Q4"]
[Site "chess.com INT"]
[Date "2021.06.03"]
[Round "12"]
[White "Golubenko, Valentina"]
[Black "Vu, Bui Thi Thanh Van"]
[Result "0-1"]
[WhiteTitle "WGM"]
[BlackTitle "WFM"]
[WhiteElo "2209"]
[BlackElo "1750"]
[WhiteFideId "4501993"]
[BlackFideId "12408921"]
[EventDate "2021.06.03"]

1. d4 e6 2. g3 f5 3. Bg2 Nf6 4. c4 d6 5. Nc3 Be7 6. Nf3 O-O 7. O-O Ne4 8. Qc2
Nxc3 9. Qxc3 a5 10. Rd1 Bf6 11. Qb3 Kh8 12. a4 Qe8 13. Nd2 Nc6 14. e3 e5 15. d5
Nb8 16. e4 Nd7 17. exf5 Nc5 18. Qc2 Qh5 19. Nf3 Bxf5 20. Qc3 e4 21. Qe3 exf3 22.
Bxf3 Bg4 23. Bxg4 Qxg4 24. Bd2 b6 25. Bc3 Bxc3 26. bxc3 Rae8 27. Qd2 Qxc4 28.
Re1 Qd3 29. Qf4 Qxc3 30. Rxe8 Qxa1+ 31. Kg2 Rxe8 32. Qf7 Rg8 33. Qxc7 Qb2 34.
Qxd6 Qxf2+ 35. Kh3 Ne4 36. Qe7 Qf1+ 37. Kh4 g5+ 38. Kg4 Qe2+ 39. Kf5 Qf3+ 40.
Ke5 Nc5 0-1

[Event "Women's Speed Chess Q4"]
[Site "chess.com INT"]
[Date "2021.06.03"]
[Round "12"]
[White "Gevorgyan, Maria"]
[Black "Daulyte-Cornette, Deimante"]
[Result "1-0"]
[WhiteTitle "WGM"]
[BlackTitle "IM"]
[WhiteElo "2219"]
[BlackElo "2387"]
[WhiteFideId "13300270"]
[BlackFideId "12802859"]
[EventDate "2021.06.03"]

1. e4 c5 2. Nc3 Nc6 3. Bb5 Nd4 4. Bc4 a6 5. a4 e6 6. Nge2 Ne7 7. Nxd4 cxd4 8.
Ne2 d5 9. exd5 Nxd5 10. O-O Bc5 11. d3 O-O 12. Ng3 e5 13. Re1 Re8 14. Ne4 Be7
15. Qf3 Be6 16. Ng3 f6 17. Nf5 Qd7 18. Bd2 Rad8 19. Ng3 b5 20. axb5 axb5 21. Bb3
Nb4 22. Bxe6+ Qxe6 23. Nf5 Nxc2 24. Qg4 Bf8 25. Nh6+ Kh8 26. Qxe6 Rxe6 27. Nf7+
Kg8 28. Nxd8 Rd6 29. Nb7 Rd7 30. Na5 Nxe1 31. Rxe1 Kf7 32. Rc1 Ke6 33. Rc6+ Kd5
34. Rc1 Ra7 35. g3 f5 36. Nb3 e4 37. Rc8 Bd6 38. Rd8 Ra2 39. Bf4 Rxb2 40. Rxd6# 1-0

[Event "Women's Speed Chess Q4"]
[Site "chess.com INT"]
[Date "2021.06.03"]
[Round "12"]
[White "Potapova, Margarita"]
[Black "Belenkaya, Dina"]
[Result "0-1"]
[WhiteTitle "WIM"]
[BlackTitle "WGM"]
[WhiteElo "2252"]
[BlackElo "2304"]
[WhiteFideId "14126869"]
[BlackFideId "24142654"]
[EventDate "2021.06.03"]

1. d4 d5 2. c4 dxc4 3. e4 Nf6 4. e5 Nd5 5. Bxc4 Bf5 6. Nf3 c6 7. Nc3 e6 8. O-O
Nd7 9. Bg5 Be7 10. Bxe7 Qxe7 11. Nd2 N7b6 12. Bb3 O-O 13. Nde4 Nxc3 14. Nxc3
Rfd8 15. a4 a5 16. Qd2 Qb4 17. Ra3 Rxd4 18. Qc1 Rad8 19. h3 Rd2 20. Nb1 Bxb1 21.
Qxb1 Qd4 22. Ra2 Qxe5 23. Qc1 R8d4 24. Qc3 Qf4 25. Qc5 Nd7 26. Qxa5 R4d3 27. Bc2
Rd5 28. Qa8+ Nf8 29. Bb3 R5d3 30. Ra3 Rxb2 31. Qxb7 c5 32. a5 c4 33. a6 Rdxb3
34. Rxb3 Rxb3 35. Qc6 Qd4 36. Qc7 Ra3 37. Qb7 Ra2 38. g3 c3 39. Qc6 c2 40. h4 h6
41. Kg2 Qd5+ 42. Qxd5 exd5 43. Rc1 d4 44. a7 d3 0-1

[Event "Women's Speed Chess Q4"]
[Site "chess.com INT"]
[Date "2021.06.03"]
[Round "12"]
[White "Petrova, Irina"]
[Black "Chitlange, Sakshi"]
[Result "1-0"]
[WhiteTitle "WIM"]
[BlackTitle "WIM"]
[WhiteElo "2110"]
[BlackElo "2167"]
[WhiteFideId "14124122"]
[BlackFideId "35002899"]
[EventDate "2021.06.03"]

1. e4 c5 2. Nf3 d6 3. Bb5+ Bd7 4. Bxd7+ Qxd7 5. c4 Nc6 6. Nc3 g6 7. d4 cxd4 8.
Nxd4 Bg7 9. Be3 Nf6 10. f3 Rc8 11. b3 O-O 12. O-O Ne5 13. Rc1 Qd8 14. Qe2 Nfd7
15. Rfd1 a6 16. Nd5 e6 17. Nc3 Qe7 18. Qf2 Rfd8 19. Kh1 Nc5 20. Qg3 Ncd3 21. Rc2
Nb4 22. Rcd2 Nec6 23. Nxc6 Nxc6 24. Ne2 Ne5 25. Bb6 Rd7 26. Bd4 b5 27. cxb5 axb5
28. f4 Nc6 29. Bxg7 Kxg7 30. f5 exf5 31. exf5 Qf6 32. fxg6 hxg6 33. Nf4 Qe5 34.
Rd5 Qe4 35. Nh5+ Kf8 36. Nf6 Qe6 37. Nxd7+ Qxd7 38. Qxd6+ Qxd6 39. Rxd6 Nb4 40.
a4 bxa4 41. bxa4 Ra8 42. Rd8+ Rxd8 43. Rxd8+ Ke7 44. Rd1 Ke6 45. a5 Ke7 46. Rb1
Na6 47. Rb6 Nc5 48. a6 1-0

[Event "Women's Speed Chess Q4"]
[Site "chess.com INT"]
[Date "2021.06.03"]
[Round "12"]
[White "Pavlidou, Ekaterini"]
[Black "Buksa, Nataliya"]
[Result "0-1"]
[WhiteTitle "WIM"]
[BlackTitle "IM"]
[WhiteElo "2157"]
[BlackElo "2414"]
[WhiteFideId "4213262"]
[BlackFideId "14123622"]
[EventDate "2021.06.03"]

1. d4 d5 2. c4 e6 3. Nc3 Be7 4. Nf3 Nf6 5. cxd5 exd5 6. Bg5 c6 7. e3 Bf5 8. h3
O-O 9. Bd3 Bxd3 10. Qxd3 Nbd7 11. O-O Re8 12. a3 a5 13. Rac1 h6 14. Bh4 Ne4 15.
Bxe7 Qxe7 16. Ne2 a4 17. Rc2 Ra5 18. Rfc1 Rb5 19. Nc3 Rb3 20. Nd2 Nxd2 21. Qxd2
Ra8 22. f3 Nf6 23. Re1 Re8 24. Qd1 Nh5 25. Rce2 Ng3 26. Rd2 Qf6 27. Kf2 Nf5 28.
Rde2 Qh4+ 29. Kg1 Qg3 30. Qd2 Nd6 31. Rf2 Nc4 32. Qc1 Rxb2 33. Nd1 Rxf2 34. Nxf2
Qg5 35. Nd3 Rxe3 36. f4 Qg3 37. Rxe3 Qxe3+ 38. Qxe3 Nxe3 39. Nc5 b5 40. Nd3 Nc2
41. Ne5 Nxa3 42. Nxc6 Nc2 43. Kf2 b4 44. Ke2 b3 45. Kd2 a3 46. Kc3 a2 47. Kxb3
a1=Q 0-1

[Event "Women's Speed Chess Q4"]
[Site "chess.com INT"]
[Date "2021.06.03"]
[Round "12"]
[White "Kulkarni, Bhakti"]
[Black "Mkrtchian, Lilit"]
[Result "1/2-1/2"]
[WhiteTitle "IM"]
[BlackTitle "IM"]
[WhiteElo "2391"]
[BlackElo "2388"]
[WhiteFideId "5019516"]
[BlackFideId "13300601"]
[EventDate "2021.06.03"]

1. d4 Nf6 2. Nf3 d5 3. e3 Bg4 4. Bd3 c6 5. O-O e6 6. h3 Bh5 7. c4 Nbd7 8. Nc3
Bd6 9. e4 dxe4 10. Nxe4 Nxe4 11. Bxe4 Nf6 12. Bc2 O-O 13. b3 Be7 14. Bb2 Qc7 15.
Re1 Rfd8 16. Qe2 Rd7 17. Qe3 Bxf3 18. Qxf3 Rad8 19. g4 Qa5 20. h4 Ba3 21. Bc3
Bb4 22. Bxb4 Qxb4 23. g5 Ne8 24. Qe4 g6 25. Rad1 Rxd4 26. Rxd4 Rxd4 27. Qxd4
Qxe1+ 28. Kg2 Qb4 29. Qd7 Kf8 30. h5 Qe7 31. Qd2 Qd6 32. Qc3 gxh5 33. Qh8+ Ke7
34. Qxh7 Qd2 35. g6 Qxc2 36. Qxf7+ Kd8 37. g7 Qe4+ 38. Kf1 Qb1+ 39. Kg2 Qe4+ 40.
Kf1 Nxg7 41. Qf6+ Kc7 42. Qxg7+ Kb6 43. Qe7 h4 44. Qb4+ Kc7 45. Qe7+ Kb6 46.
Qb4+ Kc7 47. Qe7+ Kb6 1/2-1/2

[Event "Women's Speed Chess Q4"]
[Site "chess.com INT"]
[Date "2021.06.03"]
[Round "12"]
[White "Gaponenko, Inna"]
[Black "Dauletova, Gulmira"]
[Result "1-0"]
[WhiteTitle "IM"]
[BlackTitle "WGM"]
[WhiteElo "2357"]
[BlackElo "2285"]
[WhiteFideId "14101181"]
[BlackFideId "13702971"]
[EventDate "2021.06.03"]

1. e4 e5 2. Nf3 Nc6 3. Bb5 a6 4. Bxc6 dxc6 5. O-O Qf6 6. d4 exd4 7. Bg5 Qd6 8.
Nxd4 Be7 9. Bxe7 Nxe7 10. Nc3 O-O 11. Qd3 c5 12. Nb3 Qxd3 13. cxd3 b6 14. Rac1
Rd8 15. Rfd1 Be6 16. Na1 Nc6 17. Nc2 Nd4 18. Nxd4 Rxd4 19. Kf1 Rad8 20. Ke2 f5
21. b3 f4 22. f3 Kf7 23. Nb1 Kf6 24. Na3 Ke5 25. Nc2 R4d6 26. d4+ cxd4 27. Nb4
c5 28. Nd3+ Kf6 29. e5+ Kf5 30. exd6 Rxd6 31. Kf2 Bd5 32. Re1 Kf6 33. Nxf4 Bf7
34. Nd3 Bg6 35. Ne5 d3 36. Rcd1 b5 37. Re3 c4 38. bxc4 bxc4 39. Nxc4 Rc6 40. Ne5
Rc2+ 41. Kg3 h5 42. Nxg6 Kxg6 43. Rdxd3 Rxa2 44. Ra3 Rc2 45. Rxa6+ Kh7 46. Re5
g6 47. Rg5 h4+ 48. Kh3 1-0

[Event "Women's Speed Chess Q4"]
[Site "chess.com INT"]
[Date "2021.06.03"]
[Round "12"]
[White "Eswaran, Aksithi"]
[Black "Varney, Zoe"]
[Result "1-0"]
[WhiteTitle "WCM"]
[BlackTitle "WCM"]
[WhiteElo "1745"]
[BlackElo "1917"]
[WhiteFideId "2083485"]
[BlackFideId "436135"]
[EventDate "2021.06.03"]

1. e4 e5 2. Nf3 Nc6 3. Bc4 Nf6 4. d3 Bc5 5. O-O a6 6. c3 d6 7. Nbd2 Ba7 8. Re1
Ng4 9. Rf1 O-O 10. h3 Nxf2 11. Rxf2 Bxf2+ 12. Kxf2 Kh8 13. Nf1 f5 14. Ng3 fxe4
15. dxe4 Qh4 16. Qe1 Ne7 17. Kg1 Qf6 18. Bg5 Qg6 19. Bxe7 Rf4 20. Bg5 Rf8 21.
Be3 Bxh3 22. Nxe5 dxe5 23. gxh3 Rf3 24. Kh2 Raf8 25. Qg1 b5 26. Be2 R3f7 27. Rf1
Qe6 28. Bg4 Qxa2 29. Rxf7 Rxf7 30. Kh1 Qxb2 31. Nf5 Qxc3 32. Bh5 Rd7 33. Be8 g6
34. Bxd7 gxf5 35. Bxf5 Qd3 36. Qg3 Qf1+ 37. Qg1 Qf3+ 38. Qg2 Qd1+ 39. Kh2 Qh5
40. Bg4 Qf7 41. Qc2 1-0

[Event "Women's Speed Chess Q4"]
[Site "chess.com INT"]
[Date "2021.06.03"]
[Round "12"]
[White "Zaichenko, Daria"]
[Black "Jakubowska, Anna"]
[Result "0-1"]
[WhiteTitle "WFM"]
[BlackTitle "WIM"]
[WhiteElo "2104"]
[BlackElo "2073"]
[WhiteFideId "4197453"]
[BlackFideId "1121952"]
[EventDate "2021.06.03"]

1. e4 Nf6 2. e5 Nd5 3. d4 d6 4. Nf3 Bg4 5. Be2 e6 6. c4 Nb6 7. Nc3 Nc6 8. exd6
cxd6 9. Bf4 Bxf3 10. gxf3 Be7 11. Qd2 Bf6 12. Be3 d5 13. c5 Nc4 14. Bxc4 dxc4
15. Nb5 O-O 16. Nd6 b6 17. Rg1 bxc5 18. dxc5 Rb8 19. Nxc4 Nb4 20. Nd6 Qa5 21.
Ke2 Nd5 22. Qxa5 Rxb2+ 23. Kf1 Rc2 24. Re1 Bc3 25. Qa4 Rb2 26. Rc1 Bf6 27. Bd4
Rb4 28. Qxb4 Nxb4 29. Bxf6 g6 30. c6 Nd5 31. Be5 f6 32. Bg3 e5 33. c7 Nxc7 34.
Rxc7 Rd8 35. Rc6 Kf8 36. Kg2 Ke7 37. Rd1 h5 38. f4 exf4 39. Bxf4 Rb8 40. Rc7+
Ke6 41. Rb7 Rg8 42. Re1+ Kd5 43. Nf7 Kc6 44. Rc7+ Kd5 45. Rd1+ Ke6 46. Rd6+ Kf5
47. Bg3 g5 48. f3 Rb8 49. Rc5+ Kg6 50. Ne5+ Kg7 51. Nc6 Rb2+ 52. Kf1 Rb1+ 53.
Ke2 Rb2+ 54. Ke3 Rxa2 55. Nb4 Ra3+ 56. Ke4 a5 57. Nd3 Rb3 58. Rcc6 h4 59. Bf2 a4
60. Rxf6 a3 61. Bd4 Kg8 62. Rfd6 Rb7 63. Ra6 Re7+ 64. Re6 Rd7 65. Ra8+ Kf7 66.
Rf6+ Ke7 0-1

[Event "Women's Speed Chess Q4"]
[Site "chess.com INT"]
[Date "2021.06.03"]
[Round "12"]
[White "Head, Louise"]
[Black "Li, Xueyi"]
[Result "1/2-1/2"]
[WhiteTitle "WFM"]
[BlackTitle "WGM"]
[WhiteElo "2090"]
[BlackElo "2328"]
[WhiteFideId "424773"]
[BlackFideId "8605912"]
[EventDate "2021.06.03"]

1. d4 Nf6 2. c4 g6 3. Nc3 d5 4. cxd5 Nxd5 5. Bd2 Bg7 6. e4 Nb6 7. Be3 O-O 8. h3
a5 9. Nf3 a4 10. a3 Nc6 11. Bb5 Na5 12. Qe2 Bd7 13. Bxd7 Qxd7 14. O-O Nbc4 15.
Rfd1 Nxe3 16. Qxe3 Nb3 17. Rab1 Rfd8 18. Rd3 Nxd4 19. Nxd4 Bxd4 20. Qd2 c5 21.
Rd1 b5 22. Ne2 e5 23. Nxd4 exd4 24. f4 Qe6 25. Qe2 Ra7 26. R3d2 Qb6 27. e5 Rad7
28. Qe4 Qe6 29. Kh2 h5 30. Qf3 c4 31. g4 h4 32. Re1 Qd5 33. Qf2 d3 34. Qxh4 Qd4
35. Qg3 c3 36. bxc3 Qxc3 37. Red1 Qxa3 38. f5 Qe7 39. f6 Qe6 40. Qf4 Rd4 41. Qg5
Qe8 42. Re1 R8d5 43. Qh6 Qf8 44. Qe3 b4 45. Qf3 b3 46. Re3 a3 47. e6 fxe6 48.
Rxe6 b2 49. f7+ Kg7 50. Qf6+ Kh7 51. Qxg6+ Kh8 52. Qf6+ Kh7 53. Qg6+ Kh8 54.
Qf6+ Kh7 55. Qg6+ 1/2-1/2

[Event "Women's Speed Chess Q4"]
[Site "chess.com INT"]
[Date "2021.06.03"]
[Round "12"]
[White "Girya, Olga"]
[Black "Cyfka, Karina"]
[Result "1-0"]
[WhiteTitle "WGM"]
[BlackTitle "IM"]
[WhiteElo "2451"]
[BlackElo "2415"]
[WhiteFideId "4195752"]
[BlackFideId "1122681"]
[EventDate "2021.06.03"]

1. d4 Nf6 2. Nf3 e6 3. c4 Bb4+ 4. Bd2 Qe7 5. g3 Nc6 6. b3 Bxd2+ 7. Qxd2 d5 8.
Bg2 O-O 9. O-O Rd8 10. Qb2 b6 11. Nbd2 Bb7 12. Rac1 dxc4 13. Nxc4 Nb4 14. Rfd1
h6 15. a3 Nbd5 16. Nfe5 c5 17. dxc5 Qxc5 18. Nxf7 Kxf7 19. Ne5+ Kg8 20. Rxc5
bxc5 21. Qc2 Rac8 22. Qg6 Rc7 23. Bh3 Re7 24. Bxe6+ Rxe6 25. Qf7+ Kh7 26. Qxe6
Bc8 27. Qf7 Bf5 28. Qxa7 Re8 29. f4 Nc3 30. Rd6 Nfe4 31. Rb6 Nxe2+ 32. Kg2 Nd4
33. Rb7 Rg8 34. Rf7 Nd6 35. Rxf5 N6xf5 36. Qxc5 Ne3+ 37. Kf2 Ndc2 38. Nc4 Re8
39. Nxe3 Nxe3 40. h3 Nd1+ 41. Kf3 Ne3 42. Qxe3 Rxe3+ 43. Kxe3 1-0

[Event "Women's Speed Chess Q4"]
[Site "chess.com INT"]
[Date "2021.06.03"]
[Round "12"]
[White "Morris-Suzuki, Sophie"]
[Black "Padmini, Rout"]
[Result "1-0"]
[WhiteTitle "WFM"]
[BlackTitle "IM"]
[WhiteElo "2043"]
[BlackElo "2370"]
[WhiteFideId "30922615"]
[BlackFideId "5029295"]
[EventDate "2021.06.03"]

1. e4 c5 2. Nf3 Nc6 3. d4 cxd4 4. Nxd4 Nf6 5. Nc3 e5 6. Ndb5 d6 7. Bg5 a6 8. Na3
b5 9. Bxf6 gxf6 10. Nd5 Bg7 11. g3 O-O 12. Bg2 Ne7 13. O-O Bb7 14. c4 bxc4 15.
Nxe7+ Qxe7 16. Nxc4 f5 17. Nxd6 fxe4 18. Nf5 Qg5 19. Qd7 Rab8 20. Nd6 Ba8 21.
Bxe4 Bxe4 22. Nxe4 Qg6 23. Rfe1 Rxb2 24. Qd5 Kh8 25. Rab1 Rxb1 26. Rxb1 f5 27.
Nd6 f4 28. Rb7 h5 29. Nf7+ Kh7 30. Nxe5 Qf5 31. gxf4 Qxf4 32. Qd3+ Rf5 33. Rf7
Qc1+ 34. Kg2 Qg5+ 35. Kh3 Kg8 36. Qxf5 Qc1 37. Rxg7+ Kxg7 38. Qf7+ Kh8 39. Ng6# 1-0

[Event "Women's Speed Chess Q4"]
[Site "chess.com INT"]
[Date "2021.06.03"]
[Round "12"]
[White "Nurmanova, Alua"]
[Black "Ziegenfuss, Antonia"]
[Result "1-0"]
[WhiteTitle "WFM"]
[BlackTitle "WFM"]
[WhiteElo "2008"]
[BlackElo "2157"]
[WhiteFideId "13729390"]
[BlackFideId "12962554"]
[EventDate "2021.06.03"]

1. e4 c5 2. Nf3 e6 3. d4 cxd4 4. Nxd4 Nc6 5. Nc3 Qc7 6. g3 a6 7. Bg2 Nf6 8. O-O
Nxd4 9. Qxd4 Bc5 10. Qd1 h5 11. Bf4 d6 12. Na4 e5 13. Bg5 Ba7 14. Nc3 Be6 15. h3
Nh7 16. Be3 Bxe3 17. fxe3 h4 18. g4 Ng5 19. Rf5 Bxf5 20. exf5 Qc5 21. Nd5 O-O-O
22. b4 Qa7 23. c4 Kb8 24. a4 e4 25. Qb3 Rhe8 26. Rb1 Nf3+ 27. Bxf3 exf3 28. b5
axb5 29. axb5 Qc5 30. b6 Re5 31. Kf2 Rde8 32. Qa4 Rd8 33. Qa7+ Kc8 34. Qa8+ Kd7
35. Qxb7+ Ke8 36. Qc7 Qxc7 37. bxc7 Rc8 38. Rb8 Kd7 39. Nb6+ Kxc7 40. Rxc8+ Kxb6
41. Kxf3 Rc5 42. Rf8 Rc7 43. g5 Kc5 44. Rd8 Kxc4 45. Rxd6 Re7 46. e4 1-0